00550 2200193 4500001002100000005001500021035002000036007000300056008004100059020002200100082001000122084001800132100001700150245007700167260003700244300004100281650001900322650001500341INLIS00000000000114020250123100928 a0010-0125000023ta250123 g 0 ind  a978-979-582-222-6 a635.6 a635.6 AGU p0 aAgung Sunusi1 aPENGUKURAN GAS RUMAH KACA (GRK) PADALAHAN BUDIDAYA CABAI /cAgung Sunusi aJakarta :bPertanianPress,c2022 aiv, 50 hlm, :bIlus ;c15 cm x 21 cm 4aBudidaya Cabai 4aRumah Kaca